| Tag |
First Indicator |
Second Indicator |
Subfields |
| LEADER |
00000cam a2200000 4500 |
| 001 |
in00002425795 |
| 005 |
20190207101219.0 |
| 008 |
740319s1974 nyua 000 0 eng |
| 010 |
|
|
|a 73083180
|
| 020 |
|
|
|a 0839733933
|
| 020 |
|
|
|a 9780839733935
|
| 029 |
1 |
|
|a NZ1
|b 8316977
|
| 029 |
1 |
|
|a AU@
|b 000000523679
|
| 035 |
|
|
|a (OCoLC)ocm00824453
|
| 035 |
|
|
|a (OCoLC)824453
|
| 040 |
|
|
|a DLC
|c DLC
|d OCLCQ
|d TXA
|d UtOrBLW
|
| 049 |
|
|
|a TXAM
|
| 050 |
0 |
0 |
|a TX813.A9
|b R67 1974
|
| 082 |
0 |
|
|a 641.3/4/653
|
| 100 |
1 |
|
|a Rosenbaum, Helen.
|
| 245 |
1 |
0 |
|a Don't swallow the avocado pit :
|b and what to do with the rest of it /
|c Helen Rosenbaum.
|
| 264 |
|
1 |
|a New York :
|b P.S. Eriksson,
|c [1974]
|
| 300 |
|
|
|a 206 pages :
|b illustrations ;
|c 24 cm.
|
| 336 |
|
|
|a text
|b txt
|2 rdacontent
|
| 337 |
|
|
|a unmediated
|b n
|2 rdamedia
|
| 338 |
|
|
|a volume
|b nc
|2 rdacarrier
|
| 500 |
|
|
|a The Cushing Library/Chapman Texas Collection copy is part of the Floyd & Louise Chapman Texas & Borderlands Collection.
|5 TXA
|
| 500 |
|
|
|a "The Texas Cookbook Collection."
|
| 536 |
|
|
|a The Cushing Library/Texas & Borderlands copy was donated by Bonnie and John Kamenar.
|
| 650 |
|
0 |
|a Cooking (Avocado)
|
| 650 |
|
0 |
|a Avocado.
|
| 650 |
|
0 |
|a Cooking, American.
|
| 948 |
|
|
|a cataloged
|b h
|c 2008/10/28
|d c
|e ceaton
|f 12:49:44 pm
|
| 994 |
|
|
|a C0
|b TXA
|
| 999 |
|
|
|a MARS
|
| 999 |
f |
f |
|s 9eba9418-c7e7-344d-99b3-30f96044967f
|i 46e266e5-96b4-303f-86bb-c09b85fd6a68
|t 0
|
| 952 |
f |
f |
|p noncirc
|a Texas A&M University
|b College Station
|c Cushing Memorial Library & Archives
|d Cushing: Chapman Texas Collection (Does not check out)
|t 0
|e TX813.A9 R67 1974
|h Library of Congress classification
|i unmediated -- volume
|
| 998 |
f |
f |
|a TX813.A9 R67 1974
|t 0
|l Cushing: Chapman Texas Collection (Does not check out)
|